000
00281nam a22001337a 4500
008
180927b xxu||||| |||| 00| 0 eng d
020
_a
9780029079713
041
_a
eng
080
_a
316
100
_a
50
101
_a
SOC
245
_a
Intercourse
_c
Dworkin, A
942
_2
udc
_c
BK
999
_c
48580
_d
48580